| 000 | 00422cam a2200169ua 4500 | ||
|---|---|---|---|
| 020 | _c1800.00 | ||
| 041 |
_aeng _h |
||
| 082 |
_a630 _bJAN/DI |
||
| 100 | _aJana, B.L . | ||
| 245 |
_aDiversification in agriculture / _cB.L Jana. _hTextual Documents |
||
| 260 |
_aUdaypur : _bAgro-tech publishing academy , _c2006. |
||
| 300 | _a ; . | ||
| 365 | _a1800.00 | ||
| 504 | _a | ||
| 942 | _cBK | ||
| 999 |
_c13489 _d13489 |
||